| 000 | 00376nam a2200157Ia 4500 | ||
|---|---|---|---|
| 008 | 210210b1992 xxu||||| |||| 00| 0 eng d | ||
| 082 | _a346.07 KAPC | ||
| 100 | _aKAPOOR (N D). | ||
| 245 | _aCommercial law. Ed.6 | ||
| 250 | _a | ||
| 260 |
_aND _bSultan Chand & Sons _c1992 |
||
| 300 | _a504,176 | ||
| 650 | _aCommercial law | ||
| 690 | _aMercantile Law | ||
| 906 | _a045677 | ||
| 999 |
_c94943 _d94943 |
||